Life and times of unborn Kamla / (Record no. 101523)

MARC details
000 -LEADER
fixed length control field 00600nam a22001937a 4500
005 - DATE AND TIME OF LATEST TRANSACTION
control field 20160727151848.0
010 ## - LCCN (DPL NO)
LC control number ENG-115554
020 ## - INTERNATIONAL STANDARD BOOK NUMBER
International Standard Book Number 9788192226668
Terms of availability 275.00
035 ## - SYSTEM CONTROL NUMBER
System control number EN-99086
037 ## - SOURCE OF ACQUISITION
Stock number DBAD/PUB
082 ## - DEWEY DECIMAL CLASSIFICATION NUMBER
Classification number 364.1850954
100 ## - MAIN ENTRY--PERSONAL NAME
Personal name Varma,K.K.
245 ## - TITLE STATEMENT
Title Life and times of unborn Kamla /
Statement of responsibility, etc by Varma,K.K.
260 ## - PUBLICATION, DISTRIBUTION, ETC. (IMPRINT)
Place of publication, distribution, etc New Delhi
Name of publisher, distributor, etc Palimpsest Publishing House
Date of publication, distribution, etc 2013
270 ## - ADDRESS
Address 16,Community Center,Panchsheel Park
City New Delhi
Postal code 110017
300 ## - PHYSICAL DESCRIPTION
Extent 169p.
Dimensions 22cm(pbk)
500 ## - GENERAL NOTE
General note Includes bibliographical references
942 ## - ADDED ENTRY ELEMENTS (KOHA)
Source of classification or shelving scheme Dewey Decimal Classification
Item type English Books
Classification part 364.1850954
Call number suffix VAR
Holdings
Withdrawn status Lost status Not for loan Collection code Home library Current library Date acquired Source of acquisition Cost, normal purchase price Full call number Barcode Copy number Cost, replacement price Koha item type
    Not For Loan Non-fiction D.B.Act.Division Bawana 27/07/2016 DBAD/PUB 275.00 364.1850954 EN-99086 1 275.00 English Books

© Delhi Public Library
Hit Counter
free hit counter